00902nam a22002777a 45000010005000000030006000050050017000110080041000280200018000690400029000870500019001160820010001351000020001452450055001652500045002202600038002653000045003034900032003485050008003805200105003885210020004935210020005136500039005336500019005727000033005916949FISKH20250611143057.0250611b cb ||||| |||| 00| 0 eng d a9781407145396 aFISKHbengcFISKHdFISKH aPZ7.C234937 A1 a823.8 aCarroll, Lewis  aAlice's adventure in Wonderland / cLewis Carroll  aFirst published in Great Britain in 1865 aNew York : bScholastic , c2014. a131 pages : billustrations ; c20 cm .  aAlice's Adventures vBook 1 aU  aA little girl falls down a rabbit hole and discovers a world of nonsensical and amusing characters. 8 a830 bLexile 8 aU bRaz-Plus  aWonderland vChildren's literature aAlicevFiction aTenniel, John eIllustrator